|
|
|
|
| LEADER |
01138cam a2200277 7i4500 |
| 001 |
0000012973 |
| 005 |
20190731090000.0 |
| 005 |
##20190731094100.0 |
| 003 |
##MY-KlINT |
| 020 |
# |
# |
|a 9789675457050
|
| 039 |
# |
9 |
|a 201907310941
|b AUTHORITY
|c 201907310940
|d AUTHORITY
|c 201907310939
|d AUTHORITY
|y 201511041138
|z VLOAD
|
| 090 |
0 |
0 |
|a PM 923.2595
|b SYE
|
| 100 |
1 |
# |
|a Syed Muhammad Dawilah Al-Edrus
|
| 245 |
1 |
0 |
|a Tun Abdullah Hj. Ahmad Badawi :
|b bapa pembangunan modal insan negara /
|c Syed Muhammad Dawilah Al Edrus, Hussain Othman, Ahmad Esa.
|
| 260 |
# |
# |
|a Batu Pahat, Johor:
|b Universiti Tun Hussein Onn Malaysia,
|c 2010.
|
| 300 |
# |
# |
|a ix, 165ms:
|b ill. wrn;
|c 30cm.
|
| 500 |
# |
# |
|a Mengandungi indeks dan bibliografi
|
| 500 |
# |
# |
|a Koleksi Perdana Menteri
|
| 650 |
# |
0 |
|a Prime Ministers --
|x Biography --
|z Malaysia
|
| 650 |
# |
0 |
|a Malaysia --
|x Politics and government
|
| 650 |
# |
0 |
|a Abdullah Ahmad Badawi, Dato' Seri, 1939-
|
| 650 |
# |
0 |
|a Politicians --
|x Biography --
|x Malaysia
|
| 700 |
0 |
# |
|a Ahmad Esa
|
| 700 |
0 |
# |
|a Hussain Othman
|
| 999 |
|
|
|a 0000066102
|b BOOK
|c Main Non-Fiction
|e INTAN BK
|
| 999 |
|
|
|a 1112067855
|b BOOK
|c Main Non-Fiction
|e INTAN BK
|